Statistiche per Xdono - Tiziano Ferro - Testo Completo

Clicka qui per fare il quiz!

Statistiche generali

  • Questo quiz è stato fatto 23 volte
  • Il punteggio medio è 384 su 482

Statistiche sulle risposte

Risposta% Corretto
è
100%
E
100%
e
100%
i
100%
Per
100%
Perdono
100%
Perdono,
100%
perdono
100%
so
100%
che
94%
Che
94%
chiedo
94%
io
94%
Io
94%
po'
94%
Scusa,
94%
scusa,
94%
scusa
94%
si
94%
Sì,
94%
ti
94%
un
94%
Un
94%
una
94%
a
89%
fatto
89%
fatto,
89%
mi
89%
porgo
89%
quel
89%
rosa,
89%
rosa
89%
di
83%
ho
83%
nuova
83%
pace
83%
però
83%
posa
83%
questa
83%
Regalami
83%
sorriso
83%
Su
83%
amicizia
78%
la
78%
non
78%
Perché
78%
Con
72%
con
72%
il
72%
sono
72%
da
67%
del
67%
le
67%
male
67%
te
67%
te,
67%
te..
67%
Tra
67%
tra
67%
come
61%
ha
61%
lo
61%
ne
61%
bene
56%
cuore,
56%
infatti
56%
Qui
56%
sempre
56%
ce
50%
giorni
50%
Natale
50%
notte
50%
quanto
50%
sei
50%
sia
50%
tante
50%
cinque
44%
dolore
44%
misto
44%
poco
44%
quando
44%
quattro,
44%
Dire
39%
gioia
39%
pochi
39%
sto
39%
stringe
39%
troppo
39%
ancora
33%
cerco
33%
farò
33%
fuochi
33%
gioco!
33%
magia
33%
persone
33%
Ripenso
33%
Senza
33%
senza
33%
solo
33%
tuoi
33%
balla
28%
buona
28%
Capitano
28%
chiedendoti
28%
desideri,
28%
incanto
28%
l'inverno
28%
mura
28%
paura
28%
pretesti
28%
rivoluzione
28%
volerti
28%
abbatti
22%
anno
22%
ballerò
22%
Buoni
22%
contraddizioni
22%
Credo
22%
difetti
22%
misura
22%
occasione
22%
ricordarti
22%
sola
22%
speciale
22%
Comincio
17%
labirinti
17%
nuovo
17%
rabbia
17%
tregua
11%

Distribuzione punteggi

Percentile per numero di risposta

Percentuale di utenti per punteggio

I tuoi punteggi nel tempo

Non hai fatto questo quiz